| 000 | 00990nam a22002417a 4500 | ||
|---|---|---|---|
| 001 | 81207 | ||
| 003 | BD-RjUL | ||
| 005 | 20231113153643.0 | ||
| 008 | 230212s2012 bg a|||| m||| 00| 0 eng d | ||
| 035 | _a(BD-RjUL)81207 | ||
| 040 |
_aBD-RjUL _beng _cBD-RjUL _dBD-RjUL |
||
| 041 | _aeng | ||
| 082 |
_223 _a306.75492 _bHYR 2012 |
||
| 100 |
_aHyder, Kazi Muhammad, Wazir _96947 |
||
| 245 | 1 | 0 |
_aRole of NGOs for the empowerment of Sex-Workers : _bA Study on Two Brothels in Bangladesh / _cResearcher Kazi Muhammad. Wazir Hyder ; _6Supervisor : Md. Sadequl Arefin |
| 260 |
_aRajshahi : _bInstitute of Bangladesh studies, University of Rajshahi, _c2012 |
||
| 300 |
_axxvii, 205 leaves : _bill, ; _c29.cm. |
||
| 502 | _aThesis (Ph. D.) -- Institute of Bangladesh studies, University of Rajshahi, 2012 | ||
| 504 | _aBibliography : Leaves 182 - 189 | ||
| 650 |
_aSexual relations _xCulture and institutions _zBangladesh _96948 |
||
| 700 |
_aArefin, Md. Sadequl, Supervisor _92887 |
||
| 942 |
_2ddc _cTHE |
||
| 999 |
_c81207 _d81207 |
||